Sitcom By Family Surname Quiz Stats

 Plays Quiz Updated Feb 11, 2015

Also try: Name That Sitcom
Challenge
Share
Tweet
Embed
Score 0/26 Timer 06:00
6 Plays Today
% Correct
The Cosby Show
88.3%
Family Guy
88%
Married... with Children
85%
Seinfeld
83.5%
I Love Lucy
83.5%
Leave It to Beaver
81%
The Beverly Hillbillies
81%
Frasier
81%
Full House
80%
The Fresh Prince of Bel-Air
79.1%
Everybody Loves Raymond
78.3%
Home Improvement
77.8%
All in the Family
77%
% Correct
Happy Days
76.3%
Modern Family
74.8%
Roseanne
71.5%
Arrested Development
70.2%
That '70s Show
69.3%
Family Ties
67.6%
Family Matters
63.9%
Boy Meets World
63.7%
The Nanny
63.7%
Growing Pains
63.5%
Diff'rent Strokes
61.6%
Two and a Half Men
59%
The Wonder Years
51.9%

You're not logged in!

Compare scores with friends on all Sporcle quizzes.
Join for Free
OR
Log In

You Might Also Like...

Show Comments

Extras

Top Quizzes Today


Score Distribution

Your Account Isn't Verified!

In order to create a playlist on Sporcle, you need to verify the email address you used during registration. Go to your Sporcle Settings to finish the process.

Report this User

Report this user for behavior that violates our Community Guidelines.

Details: